K výkladu zákona o kontrole v ČSFR. Právní úprava vnitřní kontroly - Část IV. zákona č. 405/1991 Sb.

Otázky kontroly uskutočňovanej vo vnútri určitého uzavretého zodpovednostného okruhu (napr. orgánu štátnej správy, rozpočtovej organizácie, štátneho podniku a pod.). Charakteristika vnútornej kontrolnej činnosti, špecializovanej vnútornej kontrolnej činnosti a samostatnej špecializovanej vnútornej k...

Full description

Saved in:
Bibliographic Details
Main Author: Kramář, K.
Format: Book Chapter
Language:Czech
Subjects:
Tags: Add Tag
No Tags, Be the first to tag this record!

MARC

LEADER 00000naa a2200000 4500
001 r008098
005 20220831084339.1
041 0 |a cze 
044 |a [CS] 
245 1 0 |a K výkladu zákona o kontrole v ČSFR.  |b Právní úprava vnitřní kontroly - Část IV. zákona č. 405/1991 Sb.  |c K. Kramář 
520 |a Otázky kontroly uskutočňovanej vo vnútri určitého uzavretého zodpovednostného okruhu (napr. orgánu štátnej správy, rozpočtovej organizácie, štátneho podniku a pod.). Charakteristika vnútornej kontrolnej činnosti, špecializovanej vnútornej kontrolnej činnosti a samostatnej špecializovanej vnútornej kontrolnej činnosti. 
610 2 0 |a kontrola vnútropodniková 
610 2 0 |a predpisy právne 
610 2 0 |a kontrola vnútorná 
610 2 0 |a ČSFR 
610 2 0 |a správa štátna 
610 2 0 |a organizácie rozpočtové 
610 2 0 |a podnik štátny 
100 1 |a Kramář, K.